[Event "Arco op 32nd"]
[Site "Arco"]
[Date "2010.10.21"]
[Round "6"]
[White "Sautto, Alessandra"]
[Black "Klings, Peter"]
[Result "1-0"]
[WhiteElo "1955"]
[BlackElo "2185"]
[PlyCount "97"]
[EventDate "2010.10.16"]
[EventType "swiss"]
[EventRounds "9"]
[EventCountry "ITA"]
[SourceTitle "CBM 138 Extra"]
[Source "ChessBase"]
[SourceDate "2010.10.29"]
[SourceVersion "1"]
[SourceVersionDate "2010.10.29"]
[SourceQuality "1"]

1. d4 Nf6 2. Nf3 e6 3. e3 c5 4. Bd3 b6 5. 0-0 Bb7 6. Nbd2 Be7 7. b3 0-0 8. Bb2 d6 9. c4 Nbd7 10. Rc1 Qc7 11. Bb1 Rac8 12. Ng5 Qb8 13. f4 Qa8 14. Qe2 h6 15. Nh3 Rfe8 16. g4 Ne4 17. Nf3 Bf8 18. g5 g6 19. gxh6 Bxh6 20. Nhg5 Ndf6 21. Nxe4 Nxe4 22. Nh4 Kh7 23. Rf3 Rg8 24. Rh3 g5 25. Ng2 g4 26. Rh5 f5 27. d5 Rcf8 28. Bxe4 fxe4 29. dxe6 Qe8 30. Rh4 Qxe6 31. Rd1 Rg6 32. f5 Qxf5 33. Nf4 g3 34. Nxg6 Qxg6 35. Rf1 Rf3 36. Bc1 Qg5 37. Rh3 Qg4 38. Qg2 gxh2+ 39. Kxh2 Qf5 40. Rfxf3 exf3 41. e4 Qf6 42. Qxf3 Qxf3 43. Rxf3 Bxc1 44. Rf7+ Kg6 45. Rxb7 Kf6 46. Rxa7 Bd2 47. Kg2 Ke5 48. Kf3 Kd4 49. Rd7 1-0

[Event "Arco op 32nd"]
[Site "Arco"]
[Date "2010.10.16"]
[Round "1"]
[White "Mircoli, Filippo"]
[Black "Sautto, Alessandra"]
[Result "0-1"]
[WhiteElo "1699"]
[BlackElo "1955"]
[PlyCount "58"]
[EventDate "2010.10.16"]
[EventType "swiss"]
[EventRounds "9"]
[EventCountry "ITA"]
[SourceTitle "EXT 2024"]
[Source "ChessBase"]
[SourceDate "2023.10.10"]
[SourceVersion "1"]
[SourceVersionDate "2023.10.10"]
[SourceQuality "1"]

1. e4 d5 2. exd5 Qxd5 3. Nc3 Qd8 4. d4 c6 5. Nf3 Bf5 6. Bd3 Bxd3 7. Qxd3 Nf6 8. 0-0 e6 9. Bf4 Bd6 10. Bg5 Nbd7 11. Ne4 Be7 12. Rad1 Nxe4 13. Bxe7 Nxf2 14. Bxd8 Nxd3 15. Ba5 Nxb2 16. Rb1 Nc4 17. Bc7 b5 18. a4 a6 19. d5 cxd5 20. axb5 axb5 21. Rxb5 0-0 22. Bf4 Ra2 23. Rb7 Nc5 24. Rc7 Ne4 25. Ng5 Nxg5 26. Bxg5 f6 27. Bh4 Rxc2 28. Rf3 Ne3 29. Rxe3 Rxc7 0-1

[Event "Di Roseto op 1st"]
[Site "Di Roseto"]
[Date "2010.06.10"]
[Round "7"]
[White "Neubauer, Kai"]
[Black "Sautto, Alessandra"]
[Result "0-1"]
[WhiteElo "2028"]
[BlackElo "1934"]
[PlyCount "90"]
[EventDate "2010.06.04"]
[EventType "swiss"]
[EventRounds "9"]
[EventCountry "ITA"]
[SourceTitle "CBM 136 Extra"]
[Source "ChessBase"]
[SourceDate "2010.07.02"]
[SourceVersion "2"]
[SourceVersionDate "2010.07.15"]
[SourceQuality "1"]

1. d4 d5 2. c4 c6 3. cxd5 cxd5 4. Nc3 Nf6 5. Bf4 Nc6 6. e3 e6 7. Nf3 Bd6 8. Bg3 Bxg3 9. hxg3 Qb6 10. a3 Ne4 11. Qc2 f5 12. Nxe4 fxe4 13. Ng5 Qa5+ 14. Kd1 h6 15. Rc1 0-0 16. Nh3 e5 17. dxe5 Bg4+ 18. Be2 Bxe2+ 19. Kxe2 Qb5+ 20. Kd1 Nxe5 21. Nf4 Rac8 22. Qxc8 Rxc8 23. Rxc8+ Kh7 24. Rc2 Qb3 25. Kc1 Qa2 26. Kd2 Nc4+ 27. Ke2 Nxa3 28. Rd2 Nc4 29. Rc2 Qb3 30. Rhc1 Nxb2 31. Rc3 Qb5+ 32. Ke1 Nd3+ 33. Nxd3 exd3 34. Rd1 Qb4 35. Kd2 d4 36. exd4 Qxd4 37. Rf1 b5 38. Rxd3 Qb2+ 39. Ke3 b4 40. f4 Qxg2 41. Rf3 a5 42. Kd4 a4 43. f5 a3 44. f6 gxf6 45. Rxf6 Qb2+ 0-1

[Event "ITA-chT Final (Women) 1st"]
[Site "Arvier"]
[Date "2008.05.02"]
[Round "1"]
[White "Sautto, Alessandra"]
[Black "Sedani, Elisa"]
[Result "1-0"]
[WhiteElo "1926"]
[BlackElo "1577"]
[PlyCount "35"]
[EventDate "2008.05.02"]
[EventType "team-swiss"]
[EventRounds "5"]
[EventCountry "ITA"]
[SourceTitle "CBM 124 Extra"]
[Source "ChessBase"]
[SourceDate "2008.07.03"]
[SourceVersion "1"]
[SourceVersionDate "2008.07.03"]
[SourceQuality "1"]
[WhiteTeam "Vitinia"]
[BlackTeam "Montebelluna"]
[WhiteTeamCountry "ITA"]
[BlackTeamCountry "ITA"]

1. d4 Nf6 2. Nc3 d6 3. e4 g6 4. f3 Bg7 5. Be3 0-0 6. Qd2 Nc6 7. g4 e5 8. d5 Ne7 9. 0-0-0 Ne8 10. h4 c6 11. h5 cxd5 12. exd5 f5 13. gxf5 Bxf5 14. hxg6 Nxg6 15. Bh3 Qd7 16. Bxf5 Qxf5 17. Nh3 Nf4 18. Nxf4 1-0

[Event "ITA-ch (Women) 33rd"]
[Site "Bratto"]
[Date "2006.08.26"]
[Round "8"]
[White "Monticone, Sonia"]
[Black "Sautto, Alessandra"]
[Result "0-1"]
[WhiteElo "1623"]
[BlackElo "1950"]
[PlyCount "90"]
[EventDate "2006.08.19"]
[EventType "swiss"]
[EventRounds "9"]
[EventCountry "ITA"]
[SourceTitle "CBM 113 Extra"]
[Source "ChessBase"]
[SourceDate "2006.09.14"]
[SourceVersion "1"]
[SourceVersionDate "2006.09.14"]
[SourceQuality "1"]

1. c4 e6 2. Nc3 d5 3. d4 Nf6 4. Bg5 Nbd7 5. Nf3 Be7 6. e3 0-0 7. Bd3 dxc4 8. Bxc4 a6 9. 0-0 b5 10. Bb3 Bb7 11. Rc1 c5 12. Bc2 Qb6 13. Ne5 Rfd8 14. dxc5 Nxc5 15. Qe2 b4 16. Nb1 h6 17. Bh4 Bd5 18. b3 a5 19. Nd2 Qc7 20. Ndf3 Bxf3 21. Nxf3 Nd5 22. Bxe7 Qxe7 23. Qc4 Rdc8 24. Qh4 Qxh4 25. Nxh4 Nc3 26. Ra1 Rd8 27. Nf3 Kf8 28. Nd4 e5 29. Nf3 f6 30. Bf5 Ke7 31. Bg4 a4 32. Nh4 Rd2 33. Rfc1 Nd3 34. Rf1 Nxa2 35. bxa4 Rxa4 36. Nf3 Rb2 37. Bf5 Nc5 38. Rfc1 Nxc1 39. Rxc1 Kd6 40. Rd1+ Kc6 41. Bg6 Raa2 42. Rf1 Re2 43. Bf7 Ra7 44. Bg6 Rea2 45. h3 b3 0-1

[Event "ITA-ch (Women) 33rd"]
[Site "Bratto"]
[Date "2006.08.24"]
[Round "6"]
[White "Sautto, Alessandra"]
[Black "De Rosa, Mariagrazia"]
[Result "0-1"]
[WhiteElo "1950"]
[BlackElo "2062"]
[PlyCount "102"]
[EventDate "2006.08.19"]
[EventType "swiss"]
[EventRounds "9"]
[EventCountry "ITA"]
[SourceTitle "CBM 113 Extra"]
[Source "ChessBase"]
[SourceDate "2006.09.14"]
[SourceVersion "1"]
[SourceVersionDate "2006.09.14"]
[SourceQuality "1"]

1. d4 c5 2. c3 Nf6 3. Nf3 b6 4. g3 Bb7 5. Bg2 g6 6. 0-0 Bg7 7. Re1 0-0 8. Nbd2 cxd4 9. cxd4 d5 10. e3 Nc6 11. a3 Na5 12. b3 Ne4 13. Bb2 h6 14. Rc1 Qd7 15. b4 Nxd2 16. Nxd2 Nc6 17. Qb3 e6 18. Nf3 Ne7 19. Rc3 Bc6 20. Qc2 Ba4 21. Qd2 Nf5 22. Rec1 Rfc8 23. Rxc8+ Rxc8 24. Rxc8+ Qxc8 25. Qc3 Qxc3 26. Bxc3 Nd6 27. Nd2 Kf8 28. Bf1 Ke8 29. Bd3 Kd7 30. f3 Bf8 31. Kf2 Kc6 32. e4 Nb5 33. Nb1 Bb3 34. Ke3 a5 35. bxa5 Nxc3 36. Nxc3 bxa5 37. Bb5+ Kb6 38. a4 Bb4 39. Kd3 g5 40. Ne2 f6 41. g4 Be1 42. h3 Kc7 43. Ke3 Bc2 44. Nc1 Kd6 45. Nd3 Bc3 46. Nf2 e5 47. dxe5+ Bxe5 48. exd5 Kxd5 49. Nd3 Bd1 50. Ne1 Bc3 51. Nd3 Bd4+ 0-1

[Event "ITA-ch (Women) 33rd"]
[Site "Bratto"]
[Date "2006.08.21"]
[Round "3"]
[White "Sautto, Alessandra"]
[Black "Chierici, Marianna"]
[Result "1/2-1/2"]
[WhiteElo "1950"]
[BlackElo "1938"]
[PlyCount "126"]
[EventDate "2006.08.19"]
[EventType "swiss"]
[EventRounds "9"]
[EventCountry "ITA"]
[SourceTitle "CBM 113 Extra"]
[Source "ChessBase"]
[SourceDate "2006.09.14"]
[SourceVersion "1"]
[SourceVersionDate "2006.09.14"]
[SourceQuality "1"]

1. d4 d6 2. Nf3 Nd7 3. e4 e5 4. c3 Ngf6 5. Nbd2 c6 6. Bd3 Be7 7. 0-0 0-0 8. Re1 Qc7 9. Nf1 Re8 10. Ng3 b6 11. h3 Bf8 12. Bg5 h6 13. Be3 Bb7 14. Qd2 Rad8 15. Nh4 d5 16. Nhf5 exd4 17. cxd4 Nxe4 18. Bxe4 dxe4 19. Bf4 Qc8 20. Nxe4 c5 21. Ned6 Qc6 22. Nxb7 Qxb7 23. Rxe8 Rxe8 24. dxc5 Nxc5 25. Rd1 Qc6 26. Ng3 Ne6 27. Be3 Rd8 28. Qe2 Rxd1+ 29. Qxd1 Be7 30. Qd2 Qd6 31. Qxd6 Bxd6 32. Ne4 Be5 33. b3 Kf8 34. Kf1 Ke7 35. Bd2 Kd7 36. Ke2 Kc6 37. Kd3 Nf4+ 38. Bxf4 Bxf4 39. Kc4 Be5 40. a4 a6 41. Nd2 b5+ 42. axb5+ axb5+ 43. Kd3 Kd5 44. Nf3 Bf6 45. Nd2 Bd4 46. f3 f5 47. Nf1 Ke5 48. Nd2 Bc5 49. Nf1 g6 50. Nd2 Bb4 51. Nf1 Ba5 52. Ne3 Bb6 53. Nf1 Kd5 54. Nd2 Bc7 55. Nf1 Bf4 56. g3 Bg5 57. f4 Be7 58. Ne3+ Kc5 59. g4 Bd6 60. gxf5 gxf5 61. Nxf5 Bxf4 62. Nd4 Be5 63. Nxb5 Kxb5 1/2-1/2

[Event "Padova op 8th"]
[Site "Padova"]
[Date "2005.12.18"]
[Round "9"]
[White "Sautto, Alessandra"]
[Black "Rossi, Carlo"]
[Result "0-1"]
[WhiteElo "1939"]
[BlackElo "2357"]
[PlyCount "66"]
[EventDate "2005.12.10"]
[EventType "swiss"]
[EventRounds "9"]
[EventCountry "ITA"]
[SourceTitle "EXT 2008"]
[Source "ChessBase"]
[SourceDate "2007.11.25"]
[SourceVersion "1"]
[SourceVersionDate "2007.11.25"]
[SourceQuality "1"]

1. d4 Nf6 2. Nf3 c5 3. c3 Qa5 4. e3 Rg8 5. Bd3 g5 6. Nbd2 cxd4 7. exd4 g4 8. Ne5 d6 9. Nec4 Qh5 10. Nf1 Qd5 11. Nce3 Qc6 12. Qe2 a6 13. d5 Qc7 14. Ng3 Nbd7 15. Ne4 Nxe4 16. Bxe4 Nf6 17. Bd3 h5 18. Bd2 Bd7 19. c4 e5 20. dxe6 fxe6 21. Nd5 Qd8 22. 0-0 Be7 23. Nf4 e5 24. Ng6 Bc6 25. Bg5 e4 26. Bxe4 Bxe4 27. Bxf6 Rxg6 28. Qxe4 Rxf6 29. Qxb7 Qc8 30. Qd5 Rf5 31. Qe4 Re5 32. Qg6+ Kd7 33. b3 Qc5 0-1

[Event "Arco op 27th"]
[Site "Arco"]
[Date "2005.10.27"]
[Round "6"]
[White "Tocco, Paolo"]
[Black "Sautto, Alessandra"]
[Result "1/2-1/2"]
[WhiteElo "2151"]
[BlackElo "1939"]
[PlyCount "105"]
[EventDate "2005.10.22"]
[EventType "swiss"]
[EventRounds "9"]
[EventCountry "ITA"]
[SourceTitle "EXT 2006"]
[Source "ChessBase"]
[SourceDate "2005.11.24"]
[SourceVersion "1"]
[SourceVersionDate "2005.11.24"]
[SourceQuality "1"]

1. d4 d5 2. e4 e6 3. Nd2 dxe4 4. Nxe4 Bd7 5. Bd3 Bc6 6. Nf3 Bxe4 7. Bxe4 c6 8. 0-0 Nf6 9. Bd3 Bd6 10. c3 Qc7 11. h3 Bf4 12. Re1 Bxc1 13. Rxc1 Nbd7 14. c4 0-0 15. g4 Rad8 16. b4 Qd6 17. Qd2 Kh8 18. Bf1 c5 19. bxc5 Nxc5 20. Qa5 Qf4 21. Qxc5 Qxf3 22. Bg2 Qf4 23. Bxb7 Qxd4 24. Qxd4 Rxd4 25. c5 Rd7 26. c6 Rc7 27. Re3 Rb8 28. Rd1 Nd5 29. Ra3 Kg8 30. Rxa7 Kf8 31. Ra3 Nb4 32. Rd7 Rxd7 33. cxd7 Ke7 34. Bc8 Nc6 35. Rb3 Rxb3 36. axb3 Ne5 37. Kg2 Nxd7 38. Bxd7 Kxd7 39. Kf3 Kd6 40. Ke4 f6 41. f4 Kc5 42. h4 Kb4 43. Kd4 Kxb3 44. Kc5 Kc3 45. Kd6 Kd4 46. Kxe6 Ke4 47. g5 Kxf4 48. gxf6 gxf6 49. Kxf6 h5 50. Ke6 Kg3 51. Kf5 Kxh4 52. Kf4 Kh3 53. Kf3 1/2-1/2

[Event "ITA-ch (Women)"]
[Site "Bratto"]
[Date "2005.08.26"]
[Round "7"]
[White "Sautto, Alessandra"]
[Black "Tonel, Giulia"]
[Result "1-0"]
[WhiteElo "1958"]
[BlackElo "1793"]
[PlyCount "59"]
[EventDate "2005.08.20"]
[EventType "swiss"]
[EventRounds "9"]
[EventCountry "ITA"]
[SourceTitle "CBM 108 Extra"]
[Source "ChessBase"]
[SourceDate "2005.11.04"]
[SourceVersion "1"]
[SourceVersionDate "2005.11.04"]
[SourceQuality "1"]

1. d4 Nf6 2. Nf3 e6 3. e3 d5 4. Bd3 Nbd7 5. Nbd2 Be7 6. 0-0 b6 7. b3 Bb7 8. Bb2 0-0 9. Ne5 h6 10. c4 Re8 11. Qe2 c5 12. Rac1 Nxe5 13. dxe5 Nd7 14. f4 f6 15. cxd5 Bxd5 16. e4 Bb7 17. Bc4 Nf8 18. f5 Bc8 19. Kh1 Kh8 20. Rcd1 fxe5 21. Bxe5 Bf6 22. Nb1 Qe7 23. Bd6 Qb7 24. Qh5 Qc6 25. e5 Bb7 26. Qe2 a6 27. exf6 exf5 28. fxg7+ Kxg7 29. Qb2+ Kh7 30. Bxf8 1-0

[Event "Cattolica op"]
[Site "Cattolica"]
[Date "2005.06.11"]
[Round "1"]
[White "Okhotnik, Vladimir"]
[Black "Sautto, Alessandra"]
[Result "1-0"]
[WhiteElo "2417"]
[BlackElo "1968"]
[PlyCount "43"]
[EventDate "2005.06.11"]
[EventType "swiss"]
[EventRounds "9"]
[EventCountry "ITA"]
[SourceTitle "EXT 2007"]
[Source "ChessBase"]
[SourceDate "2006.11.23"]
[SourceVersion "1"]
[SourceVersionDate "2006.11.23"]
[SourceQuality "1"]

1. e4 d5 2. Nc3 dxe4 3. Nxe4 Bf5 4. Ng3 Bg6 5. Nf3 e6 6. h4 h6 7. Ne5 Qf6 8. d4 Bh7 9. Bd3 Bxd3 10. Qxd3 c6 11. Bd2 Qd8 12. 0-0-0 Nf6 13. Rhe1 Be7 14. f4 Nbd7 15. f5 Nxe5 16. Rxe5 Ng4 17. Re2 Bxh4 18. fxe6 Be7 19. exf7+ Kxf7 20. Qb3+ Qd5 21. Qxb7 Rae8 22. Rde1 1-0

[Event "Cutro op-A 11th"]
[Site "Cutro"]
[Date "2005.04.26"]
[Round "4"]
[White "Sautto, Alessandra"]
[Black "Scerbo, Antonio"]
[Result "0-1"]
[WhiteElo "1968"]
[BlackElo "2097"]
[PlyCount "92"]
[EventDate "2005.04.23"]
[EventType "swiss"]
[EventRounds "9"]
[EventCountry "ITA"]
[SourceTitle "CBM 106 Extra"]
[Source "ChessBase"]
[SourceDate "2005.07.01"]
[SourceVersion "1"]
[SourceVersionDate "2005.07.01"]
[SourceQuality "1"]

1. d4 Nf6 2. Nf3 g6 3. Nbd2 Bg7 4. e3 0-0 5. Bd3 d6 6. b3 c5 7. Bb2 Nc6 8. a3 Nd7 9. 0-0 e5 10. dxc5 Nxc5 11. Ne4 Qe7 12. Nxc5 dxc5 13. Be4 Rd8 14. Qe2 Na5 15. Bc3 Nc6 16. Bxc6 bxc6 17. e4 Bg4 18. h3 Bxf3 19. Qxf3 Rd7 20. Rad1 Rad8 21. Rxd7 Qxd7 22. Ba5 Rb8 23. Rd1 Qe6 24. Qd3 c4 25. bxc4 Bf8 26. Qc3 Bc5 27. Qd3 Qf6 28. Qd2 Bxa3 29. Bc3 Bc5 30. Ba5 Kg7 31. Bc3 h5 32. Ba5 Qe6 33. Qd3 Rb2 34. Bc3 Ra2 35. Qg3 Bd4 36. Bxd4 exd4 37. Rxd4 Rxc2 38. Qd3 Rc1+ 39. Kh2 Qe5+ 40. g3 h4 41. Qd2 hxg3+ 42. fxg3 Rb1 43. Qf2 a5 44. h4 a4 45. Rd2 a3 46. Kh3 Qxe4 0-1

[Event "Cutro op-A 11th"]
[Site "Cutro"]
[Date "2005.04.25"]
[Round "3"]
[White "Rizzo, Giovanbattista"]
[Black "Sautto, Alessandra"]
[Result "1-0"]
[WhiteElo "2088"]
[BlackElo "1968"]
[PlyCount "63"]
[EventDate "2005.04.23"]
[EventType "swiss"]
[EventRounds "9"]
[EventCountry "ITA"]
[SourceTitle "CBM 106 Extra"]
[Source "ChessBase"]
[SourceDate "2005.07.01"]
[SourceVersion "1"]
[SourceVersionDate "2005.07.01"]
[SourceQuality "1"]

1. d4 d5 2. c4 e6 3. Nc3 Nf6 4. cxd5 exd5 5. Bg5 Be7 6. e3 h6 7. Bf4 c6 8. Bd3 Bd6 9. Nge2 Be6 10. Qb3 Bc8 11. h3 Bxf4 12. Nxf4 0-0 13. g4 Re8 14. 0-0-0 b5 15. Kb1 a5 16. Rc1 a4 17. Qd1 Ne4 18. Bxe4 dxe4 19. d5 a3 20. b3 b4 21. Nce2 Bb7 22. Qd4 cxd5 23. Nh5 f6 24. Qxb4 Ba6 25. Nef4 Qd7 26. Rhd1 Nc6 27. Qb6 Ne7 28. Nxg7 Bd3+ 29. Nxd3 Kxg7 30. Rc7 Qd8 31. Nf4 Qb8 32. Nh5+ 1-0

[Event "ITA-ch (Women)"]
[Site "Porto San Giorgio"]
[Date "2004.08.21"]
[Round "2"]
[White "Lomakina, Nadya"]
[Black "Sautto, Alessandra"]
[Result "1/2-1/2"]
[WhiteElo "1751"]
[BlackElo "1978"]
[PlyCount "56"]
[EventDate "2004.08.20"]
[EventType "swiss"]
[EventRounds "9"]
[EventCountry "ITA"]
[SourceTitle "EXT 2005"]
[Source "ChessBase"]
[SourceDate "2004.11.15"]
[SourceVersion "1"]
[SourceVersionDate "2004.11.15"]
[SourceQuality "1"]

1. d4 d5 2. Nf3 Nf6 3. c3 c6 4. Bg5 Ne4 5. Bf4 Bf5 6. Nbd2 Nxd2 7. Qxd2 e6 8. e3 Bd6 9. Bxd6 Qxd6 10. Bd3 Bxd3 11. Qxd3 Nd7 12. 0-0 0-0 13. e4 dxe4 14. Qxe4 Qd5 15. Qh4 Rfe8 16. Rfe1 Rad8 17. Ne5 f6 18. Nxd7 Rxd7 19. Re3 Rde7 20. Rh3 Qf5 21. Rc1 e5 22. Rf3 Qg6 23. Rg3 Qf7 24. Rf1 exd4 25. Qxd4 a6 26. a3 Re2 27. b4 Qe7 28. h3 Re4 1/2-1/2